{"text_format":"3","workbook":"xlsx","n_sheets":1,"sheets":["Лист1"],"read":"whole","date_system":"1900"}

{"sheet":"Лист1","index":0,"n_rows":61,"n_cols":21,"rows_kept":61}
["№","Код участника ","Наименование ОО","СНИЛС","Фамилия","Имя","Отчество","Пол","Дата рождения","Участник с ОВЗ (да/нет)","Класс обучения","Класс участия","Балл","Добавлено баллов по итогам апелляций","Итоговый балл","Максимальный балл","Статус","Призёр республиканского этапа прошлого года","ФИО учителя","Место работы учителя","Предмет"]
[1,2,3,4,5,6,7,8,9,10,11,12,13,14,15,16,17,18,19,20,21]
[1,"134017_16186404469_41","МБОУ \"Аккузовская ООШ\"",16186404469,"Нурлыгаянова","Дильбар","Ильгизаровна","ж","2010-08-20","нет",7,8,53,null,53,100,"призер",null,"Зямилова Розалия Гарифяновна","МБОУ \"Аккузовская ООШ\" ","Право"]
[2,"134003_16229647178_41","ГАОУ \"Гуманитарная гимназия-интернат для одаренных детей\"",16229647178,"Нигматдинов","Раяз","Ильдарович","м","15.09.2010","нет",7,8,26,null,26,100,"участник",null,"Абдуллина Миляуша Магъсумовна","ГАОУ \"Гуманитарная гимназия-интернат для одаренных детей\"","Право"]
[3,134003,"ГАОУ \"Гуманитарная гимназия-интернат для одаренных детей\"",16084894798,"Галиуллина","Ильфина","Филусовна","ж","2010-06-11","нет",7,8,88,null,88,100,"победитель",null,"Абдуллина Миляуша Магъсумовна","ГАОУ \"Гуманитарная гимназия-интернат для одаренных детей\"","Право"]
[4,134017,"МБОУ \"Аккузовская ООШ\"","18002535728","Валеева","Илина","Ришатовна","ж","2011-07-23","нет",7,8,36,null,36,100,"участник",null,"Зямилова Розалия Гарифяновна","МБОУ \"Аккузовская ООШ\" ","Право"]
[5,134017,"МБОУ \"Аккузовская ООШ\"",16794452720,"Шайдуллина","Назлыгуль","Рамиловна","ж","2011-08-18","нет",7,8,22,null,22,100,"участник",null,"Зямилова Розалия Гарифяновна","МБОУ \"Аккузовская ООШ\" ","Право"]
[6,"134017_15540148948_41","МБОУ \"Аккузовская ООШ\"","15540148948","Ахметов ","Данис","Ильвирович","м","2009-07-01","нет",8,8,25,null,25,100,"участник",null,"Зямилова Розалия Гарифяновна","МБОУ \"Аккузовская ООШ\" ","Право"]
[7,"134004_15741550566_41","МБОУ  \"Байсаровская ООШ\"","15741550566","Бадикова","Арина","Индусовна","ж","2009-01-19","нет",8,8,33,null,33,100,"участник",null,"Хайриева Луиза Гилемяновна","МБОУ  \"Байсаровская ООШ\"","Право"]
[8,"134003_15431903546_41","ГАОУ \"Гуманитарная гимназия-интернат для одаренных детей\"",15431903546,"Шамсиева","Эльза","Динаровна","ж","11.04.2009","нет",8,8,43,null,43,100,"участник",null,"Абдуллина Миляуша Магъсумовна","ГАОУ \"Гуманитарная гимназия-интернат для одаренных детей\"","Право"]
[9,"134003_15572473785_41","ГАОУ \"Гуманитарная гимназия-интернат для одаренных детей\"",15572473785,"Ямалов","Азамат","Филарисович","м","14.02.2008","нет",8,8,46,null,46,100,"участник",null,"Абдуллина Миляуша Магъсумовна","ГАОУ \"Гуманитарная гимназия-интернат для одаренных детей\"","Право"]
[10,"134003_15593406080_41","ГАОУ \"Гуманитарная гимназия-интернат для одаренных детей\"",15593406080,"Сарваров","Рамазан","Рушатович","м","25.08.2009","нет",8,8,55,null,55,100,"призер",null,"Абдуллина Миляуша Магъсумовна","ГАОУ \"Гуманитарная гимназия-интернат для одаренных детей\"","Право"]
[11,"134003_15483786608_41","ГАОУ \"Гуманитарная гимназия-интернат для одаренных детей\"",15483786608,"Корбанов","Каюм","Камилевич","м","01.06.2009","нет",8,8,44,null,44,100,"участник",null,"Абдуллина Миляуша Магъсумовна","ГАОУ \"Гуманитарная гимназия-интернат для одаренных детей\"","Право"]
[12,"134003_15794492118_41","ГАОУ \"Гуманитарная гимназия-интернат для одаренных детей\"",15794492118,"Лутфуллин","Рамазан","Фаридович","м","09.08.2009","нет",8,8,42,null,42,100,"участник",null,"Абдуллина Миляуша Магъсумовна","ГАОУ \"Гуманитарная гимназия-интернат для одаренных детей\"","Право"]
[13,"134003_15468439800_41","ГАОУ \"Гуманитарная гимназия-интернат для одаренных детей\"",15468439800,"Сибгатуллина","Элина","Мансафовна","ж","10.05.2009","нет",8,8,16,null,16,100,"участник",null,"Абдуллина Миляуша Магъсумовна","ГАОУ \"Гуманитарная гимназия-интернат для одаренных детей\"","Право"]
[14,"134003_12244354623_41","ГАОУ \"Гуманитарная гимназия-интернат для одаренных детей\"",12244354623,"Мингазова","Алина","Айнуровна","ж","29.05.2009","нет",8,8,26,null,26,100,"участник",null,"Абдуллина Миляуша Магъсумовна","ГАОУ \"Гуманитарная гимназия-интернат для одаренных детей\"","Право"]
[15,"134001_15642593683_41","МБОУ \"Актанышская СОШ №1\"",15642593683,"Ильясова","Азалия","Ильназовна","ж","29.10.2009","нет",8,8,44,null,44,100,"участник",null,"Мугтазирова Резеда Зиннуровна","МБОУ \"Актанышская СОШ №1\"","Право"]
[16,"134001_15726858506_41","МБОУ \"Актанышская СОШ №1\"",15726858506,"Фарисова","Лилия","Фангилевна","ж","26.02.2009","нет",8,8,61,null,61,100,"призер",null,"Мугтазирова Резеда Зиннуровна","МБОУ \"Актанышская СОШ №1\"","Право"]
[17,"134010_15511501218_41","МБОУ \"Поисевская СОШ\"","15511501218","Погосян","Эмиль","Эдмондович","м","2009-06-20","нет",8,8,24,null,24,100,"участник",null,"Шарипова Гульшат Ахматшаеховна","МБОУ \"Поисевская СОШ\"","Право"]
[18,"134011_15776012884_41","МБОУ \"Татарско-Суксинская СОШ\"",15776012884,"Валиев","Тимур","Рашитович","м","18.02.2010","нет",8,8,41,null,41,100,"участник",null,"Латыпова Зульфира Хикмателгаяновна","МБОУ \"Татарско-Суксинская СОШ\"","Право"]
[19,134003,"ГАОУ \"Гуманитарная гимназия-интернат для одаренных детей\"",15659246097,"Зямилова","Назиля","Ринатовна","ж","2009-11-11","нет",8,8,55,null,55,100,"призер",null,"Абдуллина Миляуша Магъсумовна","ГАОУ \"Гуманитарная гимназия-интернат для одаренных детей\"","Право"]
[20,134003,"ГАОУ \"Гуманитарная гимназия-интернат для одаренных детей\"",19782917140,"Арсланова","Амина","Маратовна","ж","2009-01-20","нет",8,8,30,null,30,100,"участник",null,"Абдуллина Миляуша Магъсумовна","ГАОУ \"Гуманитарная гимназия-интернат для одаренных детей\"","Право"]
[21,134003,"ГАОУ \"Гуманитарная гимназия-интернат для одаренных детей\"",19422526169,"Сафин","Данияр","Ильгизович","м","2009-03-11","нет",8,8,19,null,19,100,"участник",null,"Абдуллина Миляуша Магъсумовна","ГАОУ \"Гуманитарная гимназия-интернат для одаренных детей\"","Право"]
[22,"134008_15411632125_41","МБОУ \"Сафаровская СОШ\"",15411632125,"Зиннуров","Ислам","Нурсилович","м","2009-03-24","нет",8,8,12,null,12,100,"участник",null,"Закирова Ландыш Яудатовна","МБОУ \"Сафаровская СОШ\"","Право"]
[23,134003,"ГАОУ \"Гуманитарная гимназия-интернат для одаренных детей\"",16576523903,"Ильдарханова","Айзиля","Ильшатовна","ж","2009-05-12","нет",8,8,31,null,31,100,"участник",null,"Абдуллина Миляуша Магъсумовна","ГАОУ \"Гуманитарная гимназия-интернат для одаренных детей\"","Право"]
[24,"134030_15789645361_41","МБОУ \"Уразаевская ООШ\"","15502820738","Валиева","Алия","Фанилевна","ж","07.06.2009","нет",8,8,"76",null,"76",100,"призер",null,"Газизов Гадел Фирдависович","МБОУ \"Уразаевская ООШ\"","право "]
[25,"134017_16216649565_41","МБОУ \"Аккузовская ООШ\"",16216649565,"Шайдуллина","Ильвина","Ринатовна","ж","2008-05-27","нет",9,9,80,null,80,100,"призер",null,"Зямилова Розалия Гарифяновна","МБОУ \"Аккузовская ООШ\" ","Право"]
[26,"134017_16216647258_41","МБОУ \"Аккузовская ООШ\"",16216647258,"Исламова","Юлия","Ильдаровна","ж","2008-08-19","нет",9,9,73,null,73,100,"участник",null,"Зямилова Розалия Гарифяновна","МБОУ \"Аккузовская ООШ\" ","Право"]
[27,"134017_15960546697_41","МБОУ \"Аккузовская ООШ\"",15960546697,"Ахметова","Айзиля","Ильвировна","ж","2007-11-29","нет",9,9,82,null,82,100,"призер",null,"Зямилова Розалия Гарифяновна","МБОУ \"Аккузовская ООШ\" ","Право"]
[28,"134002_16190549875_41","МБОУ \"Актанышская СОШ №2 с углубленным изучением отдельных предметов\"",16190549875,"Галиева","Сюмбель","Ильфаковна","ж","26.09.2007","нет",9,9,71,null,71,100,"участник",null,"Басырова Римма Рашитовна","МБОУ \"Актанышская СОШ №2\"","Право"]
[29,"134002_15740981184_41","МБОУ \"Актанышская СОШ №2 с углубленным изучением отдельных предметов\"",15740981184,"Зиннатова","Аделя","Ленаровна","ж","10.04.2008","нет",9,9,74,null,74,100,"участник",null,"Басырова Римма Рашитовна","МБОУ \"Актанышская СОШ №2\"","Право"]
[30,"134002_15516622457_41","МБОУ \"Актанышская СОШ №2 с углубленным изучением отдельных предметов\"",15516622457,"Салимова","Азалия","Алмазовна","ж","22.12.2007","нет",9,9,83,null,83,100,"призер",null,"Басырова Римма Рашитовна","МБОУ \"Актанышская СОШ №2\"","Право"]
[31,"134004_16817452997_41","МБОУ  \"Байсаровская ООШ\"",16817452997,"Мурзина","Залия","Риназовна","ж","2008-07-04","нет",9,9,50,null,50,100,"участник",null,"Хайриева Луиза Гилемяновна","МБОУ  \"Байсаровская ООШ\"","Право"]
[32,"134004_19531677400_41","МБОУ  \"Байсаровская ООШ\"","19531677400","Хайриева","Зиля","Эдуардовна","ж","2007-07-28","нет",9,9,56,null,56,100,"участник",null,"Хайриева Луиза Гилемяновна","МБОУ  \"Байсаровская ООШ\"","Право"]
[33,"134006_16079697209_41","МБОУ \"Кировская СОШ\"",16079697209,"Шакирова","Малика","Равилевна","ж","15.01.2008","нет",9,9,30,null,30,100,"участник",null,"Гарипов Даниал Данифович","МБОУ \"Кировская СОШ\"","Право"]
[34,"134001_15927491406_41","МБОУ \"Актанышская СОШ №1\"",15927491406,"Ахметова","Альбина","Ильнуровна","ж","02.02.2008","нет",9,9,70,null,70,100,"участник",null,"Сафиуллин Руслан Наилевич","МБОУ \"Актанышская СОШ №1\"","Право"]
[35,"134001_16203524221_41","МБОУ \"Актанышская СОШ №1\"",16203524221,"Закирова","Залина","Алмазовна","ж","10.05.2008","нет",9,9,84,null,84,100,"победитель",null,"Сафиуллин Руслан Наилевич","МБОУ \"Актанышская СОШ №1\"","Право"]
[36,"134001_16096151566_41","МБОУ \"Актанышская СОШ №1\"",16096151566,"Нуруллина","Алсу","Алмазовна","ж","16.06.2008","нет",9,9,76,null,76,100,"участник",null,"Сафиуллин Руслан Наилевич","МБОУ \"Актанышская СОШ №1\"","Право"]
[37,"134010_16215442235_41","МБОУ \"Поисевская СОШ\"","16215442235","Харитонова","Алина","Николавена","ж","2007-11-05","нет",9,9,80,null,80,100,"призер",null,"Шарипова Гульшат Ахматшаеховна","МБОУ \"Поисевская СОШ\"","Право"]
[38,134010,"МБОУ \"Поисевская СОШ\"","16417307253","Мирзаянова","Азалия","Ильгизовна","ж","2008-07-08","нет",9,9,82,null,82,100,"призер",null,"Шарипова Гульшат Ахматшаеховна","МБОУ \"Поисевская СОШ\"","Право"]
[39,"134002_16243447657_41","МБОУ \"Актанышская СОШ №2 с углубленным изучением отдельных предметов\"",16243447657,"Басыров","Нурсолтан","Айдарович","м","29.10.2007","нет",10,10,71,null,71,100,"призер",null,"Басырова Римма Рашитовна","МБОУ \"Актанышская СОШ №2\"","Право"]
[40,"134003_15431056733_41","ГАОУ \"Гуманитарная гимназия-интернат для одаренных детей\"",15431056733,"Галимов","Рустем","Равилевич","м","19.03.2008","нет",10,10,48,null,48,100,"участник",null,"Абдуллина Миляуша Магъсумовна","ГАОУ \"Гуманитарная гимназия-интернат для одаренных детей\"","Право"]
[41,"134003_16063158345_41","ГАОУ \"Гуманитарная гимназия-интернат для одаренных детей\"",16063158345,"Зарипова","Адиля","Ильназовна","ж","28.07.2007","нет",10,10,60,null,60,100,"участник",null,"Абдуллина Миляуша Магъсумовна","ГАОУ \"Гуманитарная гимназия-интернат для одаренных детей\"","Право"]
[42,"134003_16096149175_41","ГАОУ \"Гуманитарная гимназия-интернат для одаренных детей\"",16096149175,"Загрутдинов","Амирхан","Русланович","м","04.04.2007","нет",10,10,22,null,22,100,"участник",null,"Абдуллина Миляуша Магъсумовна","ГАОУ \"Гуманитарная гимназия-интернат для одаренных детей\"","Право"]
[43,"134003_16052468854_41","ГАОУ \"Гуманитарная гимназия-интернат для одаренных детей\"",16052468854,"Мингазова","Нурзиля","Ринатовна","ж","15.02.2007","нет",10,10,63,null,63,100,"призер",null,"Абдуллина Миляуша Магъсумовна","ГАОУ \"Гуманитарная гимназия-интернат для одаренных детей\"","Право"]
[44,"134003_16052469149_41","ГАОУ \"Гуманитарная гимназия-интернат для одаренных детей\"",16052469149,"Мухаметдинова","Эльвина","Ураловна","ж","25.04.2007","нет",10,10,84,null,84,100,"победитель",null,"Абдуллина Миляуша Магъсумовна","ГАОУ \"Гуманитарная гимназия-интернат для одаренных детей\"","Право"]
[45,"134003_16382925289_41","ГАОУ \"Гуманитарная гимназия-интернат для одаренных детей\"",16382925289,"Мирзасалихов","Мухаммет","Илшатович","м","18.11.2007","нет",10,10,57,null,57,100,"участник",null,"Абдуллина Миляуша Магъсумовна","ГАОУ \"Гуманитарная гимназия-интернат для одаренных детей\"","Право"]
[46,"134003_15746162986_41","ГАОУ \"Гуманитарная гимназия-интернат для одаренных детей\"",15746162986,"Фардиева","Алиса","Ильназовна","ж","01.11.2007","нет",10,10,67,null,67,100,"призер",null,"Абдуллина Миляуша Магъсумовна","ГАОУ \"Гуманитарная гимназия-интернат для одаренных детей\"","Право"]
[47,"134006_14689483626_41","МБОУ \"Кировская СОШ\"",14689483626,"Габтрахманова","Айгуль","Радиковна","ж","16.04.2007","нет",10,10,25,null,25,100,"участник",null,"Гарипов Даниал Данифович","МБОУ \"Кировская СОШ\"","Право"]
[48,"134001_16052464240_41","МБОУ \"Актанышская СОШ №1\"",16052464240,"Шакирова","Зулейха","Зыяевна","ж","08.07.2007","нет",10,10,67,null,67,100,"призер",null,"Сафиуллин Руслан Наилевич","МБОУ \"Актанышская СОШ №1\"","Право"]
[49,"134010_15664708696_41","МБОУ \"Поисевская СОШ\"","15664708696","Ганиева","Адиля","Ильгизовна","ж","2007-07-19","нет",10,10,54,null,54,100,"участник",null,"Шарипова Гульшат Ахматшаеховна","МБОУ \"Поиевская СОШ\"","Право"]
[50,134010,"МБОУ \"Поисевская СОШ\"","17377365809","Ахметов","Ильназ","Булатович","м","2007-11-13","нет",10,10,65,null,65,100,"призер",null,"Шарипова Гульшат Ахматшаеховна","МБОУ \"Поиевская СОШ\"","Право"]
[51,"134008_15726858708_41","МБОУ \"Сафаровская СОШ\"",15726858708,"Тимерова","Гульнур","Алмазовна","ж","19.09.2007","нет",10,10,49,null,49,100,"участник",null,"Закирова Ландыш Яудатовна","МБОУ \"Сафаровская СОШ\"","Право"]
[52,"134011_16418081561_41","МБОУ \"Татарско-Суксинская СОШ\"",16418081561,"Мингазов","Динар","Илшатович","м","23.07.2007","нет",10,10,41,null,41,100,"участник",null,"Латыпова Зульфира Хикмателгаяновна","МБОУ \"Татарско-Суксинская СОШ\"","Право"]
[53,134003,"ГАОУ \"Гуманитарная гимназия-интернат для одаренных детей\"",16063158446,"Ибрагимова","Алия","Илгамовна","ж","2007-09-27","нет",10,10,30,null,30,100,"участник",null,"Абдуллина Миляуша Магъсумовна","ГАОУ \"Гуманитарная гимназия-интернат для одаренных детей\"","Право"]
[54,"134003_18044118342_41","ГАОУ \"Гуманитарная гимназия-интернат для одаренных детей\"",18044118342,"Ахатов","Инсаф","Ринатович","м","14.11.2005","нет",11,11,47,null,47,100,"участник",null,"Абдуллина Миляуша Магъсумовна","ГАОУ \"Гуманитарная гимназия-интернат для одаренных детей\"","Право"]
[55,"134003_17655835213_41","ГАОУ \"Гуманитарная гимназия-интернат для одаренных детей\"",17655835213,"Харисов","Рузаль","Рамилевич","м","24.10.2006","нет",11,11,51,null,51,100,"участник",null,"Абдуллина Миляуша Магъсумовна","ГАОУ \"Гуманитарная гимназия-интернат для одаренных детей\"","Право"]
[56,"134006_16079692200_41","МБОУ \"Кировская СОШ\"",16079692200,"Ибрагимова","Инзиля","Ильшатовна","ж","26.06.2006","нет",11,11,30,null,30,100,"участник",null,"Гарипов Даниал Данифович","МБОУ \"Кировская СОШ\"","Право"]
[57,"134001_16477675217_41","МБОУ \"Актанышская СОШ №1\"",16477675217,"Галимуллин","Нияз","Ильнарович","м","30.06.2006","нет",11,11,82,null,82,100,"призер",null,"Мугтазирова Резеда Зиннуровна","МБОУ \"Актанышская СОШ №1\"","Право"]
[58,"134001_16096149377_41","МБОУ \"Актанышская СОШ №1\"",16096149377,"Закирова","Азалия","Ильшатовна","ж","25.04.2006","нет",11,11,83,null,83,100,"победитель",null,"Мугтазирова Резеда Зиннуровна","МБОУ \"Актанышская СОШ №1\"","Право"]
[59,134003,"ГАОУ \"Гуманитарная гимназия-интернат для одаренных детей\"",16043631131,"Галиахметов","Раян","Ильсурович","м","2006-04-23","нет",11,11,35,null,35,100,"участник",null,"Абдуллина Миляуша Магъсумовна","ГАОУ \"Гуманитарная гимназия-интернат для одаренных детей\"","Право"]